Gestionar reuniones es fácil (Registro nro. 9255)

Detalles MARC
000 -Cabecera
Campo de control de longitud fija 00885ntm a22003137a 4500
005 - Fecha y hora de la última transacción
Campo de control 20251021170825.0
008 - Elementos de longitud fija--Información general
Campo de control de longitud fija 170407b2014 xxu||||| |||| 00| 0 spa d
020 ## - International Standard Book Number
Número Internacional Estándar del Libro (ISBN) 9788416115129
041 ## - Idioma
Código de idioma Español
082 ## - Clasificación Decimal Dewey
Número de clasificación 658.456 ST915g
100 ## - Entrada principal--Autor personal
Nombre personal Streibel, Barbara
9 (RLIN) 42117
245 ## - Título propiamente dicho
Título Gestionar reuniones es fácil
260 ## - Pie de imprenta
Lugar de publicación, distribución, etc. España
260 ## - Pie de imprenta
Nombre del editor, distribuidor, etc. Profit
260 ## - Pie de imprenta
Fecha de publicación, distribución, etc. 2014
300 ## - Descripción física
Extensión 126 páginas
490 ## - Serie
Título de la Serie Dirección y Administración de Empresas
490 ## - Serie
Título de la Serie Secretariado Ejecutivo
650 ## - Materia general
Temática (materia general) DIRECCIÓN DE REUNIONES
650 ## - Materia general
Temática (materia general) ORGANIZACIÓN DE REUNIONES
650 ## - Materia general
Temática (materia general) GESTIONAR REUNIONES
650 ## - Materia general
Temática (materia general) LECCIONES PARA CONSEGUIR REUNIONES PRODUCTIVAS
650 ## - Materia general
Temática (materia general) REUNIONES EMPRESARIALES
650 ## - Materia general
Temática (materia general) DIRIGIR LA REUNIÓN
650 ## - Materia general
Temática (materia general) TOMAR UNA DESICIÓN
650 ## - Materia general
Temática (materia general) CERRAR LA REUNIÓN
650 ## - Materia general
Temática (materia general) REDACTAR EL ACTA
942 ## - Punto de acceso adicional KOHA
Tipo de ítem KOHA Libro
Fuente del sistema de clasificación o colocación Dewey Decimal Classification
Existencias
Signatura completa Código de barras Programa Académico Tipo de ítem
658.456 ST915g 22073   Libro